manaca加盟事業者 - Statistics

General Stats
  • This quiz has been taken 45 times
  • The average score is 7 of 14
Answer Stats
Hint Answer % Correct
鉄道 名古屋鉄道
100%
バス 名鉄バス
88%
鉄道 名古屋市交通局
85%
バス 名古屋市交通局
85%
鉄道 名古屋臨海高速鉄道
75%
鉄道 豊橋鉄道
73%
鉄道 愛知高速交通
63%
バス 岐阜乗合自動車
63%
バス 知多乗合
28%
バス 名古屋ガイドウェイバス
20%
バス 北陸鉄道
13%
バス 名鉄東部交通
13%
バス 豊栄交通
0%
バス オーワ
0%
No matching quizzes found
Score Distribution
Percent of People with Each Score
Percentile by Number Answered
Your Score History
You have not taken this quiz